000 01779nam a2200445 i 4500
001 46999
003 KOSZ 005
005 20200721084812.0
008 070815s1972 pl a f f 001 0 pol
015 _aPB 1972/11150
040 _aWA N
_cWA N
_dKOSZ 005/RW
041 1 _apol
_heng
046 _k1972
080 _a53
080 _a(075.8)
100 1 _aFeynman, Richard Phillips
_d(1918-1988)
_eAutor
245 1 0 _aFeynmana wykłady z fizyki.
_nT. 3,
_pMechanika kwantowa /
_cRichard P. Feynman, Robert B. Leighton, Matthew Sands ; [tłumaczenie Andrzej Pindor, Waldemar Gorzkowski, Andrzej Szymacha].
246 3 0 _aMechanika kwantowa
246 1 _iTytuł oryginału:
_aFeynman lectures on physics.
260 _aWarszawa :
_bPaństwowe Wydawnictwo Naukowe,
_c1972.
300 _a465, [2] stron :
_bilustracje ;
_c25 cm.
336 _aTekst
_btxt
_2rdacontent
337 _aBez urządzenia pośredniczącego
_bn
_2rdamedia
338 _aWolumin
_bnc
_2rdacarrier
380 _aKsiążki
388 _a1901-2000
500 _aTytuł oryginału: The Feynman lectures on physics. Końcowe strony mylnie liczb. 265.
504 _aIndeks.
658 _aFizyka i astronomia
655 4 _aPodręczniki akademickie
650 4 _aMechanika kwantowa
710 2 _aPaństwowe Wydawnictwo Naukowe
_4pbl.
700 1 _aSands, Matthew Linzee
_d(1919-2014)
_eAutor
700 1 _aLeighton, Robert B.
_d(1919-1997)
_eAutor
700 1 _aSzymacha, Andrzej
_eTłumaczenie
700 1 _aGorzkowski, Waldemar
_d(1939-2007)
_eTłumaczenie
700 1 _aPindor, Andrzej
_eTłumaczenie
856 _uhttp://koha.tu.koszalin.pl/cgi-bin/koha/opac-detail.pl?biblionumber=46999
_yKatalog online BPK
942 _2UKD
_cKS
999 _c46999
_d46999